[Event "Canada vs. Argentina"]
[Site "CCCA"]
[Date "2020.02.01"]
[Round "1"]
[White "Blanco, Hugo Oscar"]
[Black "Barclay, Alex"]
[Result "0-1"]
[WhiteElo "2348"]
[BlackElo "2342"]
[EventDate "2020.02.01"]
[Board "3"]
[WhiteTeam "Argentina"]
[BlackTeam "Canada"]

1.c4 Nf6 2.g3 c6 3.Nf3 d5 4.b3 h6 5.Qc2 Bg4 6.Bg2 Nbd7 7.Bb2 e6 8.d3 Bd6 
9.Nbd2 e5 10.a3 O-O 11.h3 Be6 12.b4 d4 13.Nh2 a5 14.c5 Be7 15.O-O Nd5 16.
Bxd5 cxd5 17.Kg2 Qc8 18.f4 exf4 19.Rxf4 b6 20.Bxd4 bxc5 21.bxc5 Nxc5 22.
Ng4 Bxg4 23.Rxg4 Ne6 24.Qxc8 Rfxc8 25.Nf3 h5 26.Rf4 Nxf4+ 27.gxf4 a4 28.
Ra2 Rab8 29.Ne1 Rc6 30.f5 Rbc8 31.Kf3 Rc1 32.Ng2 Bd6 33.Ne3 Rh1 34.Nxd5 
Rxh3+ 35.Kg2 Rg3+ 36.Kf2 Rg5 37.e4 h4 38.Be3 Rg3 39.Re2 Rb8 40.Bf4 Bc5+ 
41.Ne3 Bxe3+ 42.Bxe3 Rb3 0-1

[Event "Canada vs. Argentina"]
[Site "CCCA"]
[Date "2020.02.01"]
[Round "1"]
[White "Barclay, Alex"]
[Black "Blanco, Hugo Oscar"]
[Result "1-0"]
[WhiteElo "2342"]
[BlackElo "2348"]
[EventDate "2020.02.01"]
[Board "3"]
[WhiteTeam "Canada"]
[BlackTeam "Argentina"]
[Termination "time forfeit"]

1.Nf3 c5 2.e4 d6 3.Bb5+ Bd7 4.Bxd7+ Nxd7 5.O-O Ngf6 6.Qe2 e6 7.c4 Be7 8.d4
cxd4 9.Nxd4 O-O 10.Nc3 Rc8 11.Bd2 Re8 12.Rad1 a6 13.b3 Bf8 14.Be1 Qb6 15.
Kh1 Qc5 16.f4 Qh5 17.Nf3 e5 18.f5 b5 19.h3 bxc4 20.bxc4 g6 21.fxg6 hxg6 
22.Bf2 Qh6 23.Nh2 Nh5 24.Ng4 Qh8 25.Nd5 f5 26.exf5 gxf5 27.Rb1 Re6 28.Bh4 
1-0

[Event "Canada vs. Argentina"]
[Site "CCCA"]
[Date "2020.02.01"]
[Round "1"]
[White "Fernández Fornés, Juan Alberto"]
[Black "Boulanger, Michel"]
[Result "1/2-1/2"]
[WhiteElo "2277"]
[BlackElo "2318"]
[EventDate "2020.02.01"]
[Board "5"]
[WhiteTeam "Argentina"]
[BlackTeam "Canada"]

1.d4 Nf6 2.c4 g6 3.Nc3 d5 4.cxd5 Nxd5 5.e4 Nxc3 6.bxc3 Bg7 7.Bc4 c5 8.Ne2 
Nc6 9.Be3 O-O 10.O-O b6 11.Rc1 Bb7 12.d5 Ne5 13.Bb3 f5 14.exf5 c4 15.Bc2 
Nd3 16.Bxd3 cxd3 17.Qxd3 Qxd5 18.Qxd5+ Bxd5 19.fxg6 hxg6 20.c4 Bf7 21.Rc2 
Rac8 22.Rfc1 Rfd8 23.h3 Rc6 24.Ng3 Rdc8 25.c5 a5 26.Ne4 bxc5 27.Nxc5 Be6 
28.a4 Be5 29.f3 Bd6 30.Kf2 Bb3 31.Rc3 Bxc5 32.Rxc5 Rxc5 33.Rxc5 Rxc5 34.
Bxc5 Kf7 35.Ke3 1/2-1/2

[Event "Canada vs. Argentina"]
[Site "CCCA"]
[Date "2020.02.01"]
[Round "1"]
[White "Boulanger, Michel"]
[Black "Fernández Fornés, Juan Alberto"]
[Result "1-0"]
[WhiteElo "2318"]
[BlackElo "2277"]
[EventDate "2020.02.01"]
[Board "5"]
[WhiteTeam "Canada"]
[BlackTeam "Argentina"]

1.Nf3 d5 2.d4 Nf6 3.c4 c6 4.e3 e6 5.b3 Nbd7 6.Bb2 Bd6 7.Bd3 O-O 8.Qc2 b6 
9.O-O Bb7 10.Nc3 Rc8 11.e4 dxe4 12.Nxe4 Nxe4 13.Bxe4 Nf6 14.Bd3 Qe7 15.
Rfe1 Ba3 16.Bc3 Rfd8 17.Re3 h6 18.Rd1 Bb4 19.Bb2 Ba3 20.Ba1 Qc7 21.Qe2 Bd6
22.Bb1 Bf4 23.Red3 Bd6 24.Qc2 Kf8 25.h3 Rb8 26.Bb2 Be7 27.Re3 b5 28.c5 Nd5
29.Ree1 Bf6 30.Ne5 Ke7 31.Qe4 Rh8 32.Nxf7 Kxf7 33.Qxe6+ Kf8 34.Bg6 Qe7 35.
Qf5 Qd8 36.Bc1 Bc8 37.Qh5 Bd7 38.Rd3 Rb7 39.Rf3 Qc8 40.g4 Be6 41.g5 Kg8 
42.gxf6 Nxf6 43.Qe5 Bf7 44.Bf5 Qf8 45.Kh2 Qd8 46.Qd6 Qxd6+ 47.cxd6 Rb8 48.
Rc3 g6 49.Be6 Rh7 50.Rxc6 1-0

[Event "Canada vs. Argentina"]
[Site "CCCA"]
[Date "2020.02.01"]
[Round "1"]
[White "Almeida, Rubén Héctor"]
[Black "Taylor, Bob"]
[Result "1/2-1/2"]
[WhiteElo "2080"]
[BlackElo "2136"]
[EventDate "2020.02.01"]
[Board "12"]
[WhiteTeam "Argentina"]
[BlackTeam "Canada"]

1.e4 c5 2.Nf3 d6 3.d4 cxd4 4.Nxd4 Nf6 5.Nc3 Nc6 6.Bg5 e6 7.Qd2 a6 8.O-O-O 
Bd7 9.f4 b5 10.Bxf6 gxf6 11.Kb1 Qb6 12.Nce2 Rc8 13.g3 b4 14.Bg2 a5 15.Nxc6
Qxc6 16.Rhe1 Be7 17.g4 a4 18.c3 h5 19.gxh5 b3 20.Bf3 bxa2+ 21.Ka1 e5 22.
Qe3 Be6 23.h3 Rb8 24.Rd2 Qc5 25.Nc1 exf4 26.Qd4 a3 27.b4 Rg8 28.Bg4 Qe5 
29.h6 Rh8 30.Bxe6 fxe6 31.Qc4 Kf7 32.Nd3 Qb5 33.Qxb5 Rxb5 34.Nxf4 Rxh6 35.
Kxa2 f5 36.Ne2 fxe4 37.Nd4 Rbh5 38.Rxe4 d5 39.Re1 Rxh3 40.Rc2 Rh2 41.Rxh2 
Rxh2+ 42.Kxa3 Rh3 43.Kb3 Bf6 44.Nxe6 Rxc3+ 45.Ka4 Rc4 46.Kb5 Re4 47.Rxe4 
dxe4 48.Nf4 Ke7 1/2-1/2

[Event "Canada vs. Argentina"]
[Site "CCCA"]
[Date "2020.02.01"]
[Round "1"]
[White "Taylor, Bob"]
[Black "Almeida, Rubén Héctor"]
[Result "1/2-1/2"]
[WhiteElo "2136"]
[BlackElo "2080"]
[EventDate "2020.02.01"]
[Board "12"]
[WhiteTeam "Canada"]
[BlackTeam "Argentina"]

1.Nf3 d5 2.c4 c6 3.e3 Nf6 4.d4 Bg4 5.h3 Bh5 6.g4 Bg6 7.Ne5 Nbd7 8.Nxg6 
hxg6 9.Qb3 Qc7 10.cxd5 Nxd5 11.Nc3 e6 12.Bg2 O-O-O 13.Bd2 Kb8 14.O-O-O Qb6
15.Qc4 Bb4 16.Ne4 Be7 17.Kb1 Qc7 18.Qc2 g5 19.Ng3 Bd6 20.Ne2 Rc8 21.Rc1 
Bb4 22.Bxb4 Nxb4 23.Qa4 Nd5 24.Qa3 N7f6 25.Ng1 Qe7 26.Qd3 e5 27.dxe5 Qxe5 
28.Ne2 Rhd8 29.Nd4 g6 30.Rhd1 c5 31.Nf3 Qe7 32.Nxg5 c4 33.Qe2 c3 34.Bf3 
Rd6 35.Rc2 Rc5 36.Qd3 Rd7 37.Qd4 Rb5 38.Ne4 Nxe3 39.Qxe3 Rxd1+ 40.Bxd1 
Nxe4 41.Be2 Re5 42.bxc3 Ng5 43.Qd4 Re4 44.Qh8+ Kc7 45.Bd3 Re6 46.Qd4 Nxh3 
47.Rb2 Qd6 48.Qc4+ Kb8 49.a3 Re7 50.Be4 Nf4 51.f3 Ne6 52.Qd5 Qc7 53.Qd2 
Rd7 54.Qh2 Nc5 1/2-1/2

[Event "Canada vs. Argentina"]
[Site "CCCA"]
[Date "2020.02.01"]
[Round "1"]
[White "Huertas, Víctor"]
[Black "Sereni, Vincent T."]
[Result "1-0"]
[WhiteElo "1980"]
[BlackElo "1902"]
[EventDate "2020.02.01"]
[Board "14"]
[WhiteTeam "Argentina"]
[BlackTeam "Canada"]

1.c4 e5 2.g3 Nf6 3.Bg2 Nc6 4.Nc3 Bc5 5.a3 d6 6.e3 Bb6 7.Nge2 Bf5 8.d3 Qd7 
9.h3 h5 10.b4 O-O 11.Bb2 Rfe8 12.e4 Bg6 13.Na4 Qe7 14.Nxb6 axb6 15.O-O h4 
16.b5 Nd8 17.f4 hxg3 18.f5 Bh7 19.Nxg3 Nd7 20.Kh2 f6 21.Bf3 Nf7 22.Bh5 c6 
23.Bc1 cxb5 24.cxb5 d5 25.Ra2 Rec8 26.Rg1 Kh8 27.Rag2 Nd6 28.Bd2 d4 29.Bb4
Nc5 30.Bg6 Bxg6 31.Nh5 Bh7 32.Rxg7 Qf8 33.Rxh7+ Kxh7 34.Rg6 Nd7 35.Bxd6 
1-0

[Event "Canada vs. Argentina"]
[Site "CCCA"]
[Date "2020.02.01"]
[Round "1"]
[White "Sereni, Vincent T."]
[Black "Huertas, Víctor"]
[Result "0-1"]
[WhiteElo "1902"]
[BlackElo "1980"]
[EventDate "2020.02.01"]
[Board "14"]
[WhiteTeam "Canada"]
[BlackTeam "Argentina"]

1.e4 e5 2.Nf3 Nc6 3.Bc4 Bc5 4.Nc3 Nf6 5.O-O O-O 6.d3 h6 7.h3 a6 8.Nd5 d6 
9.c3 Nxd5 10.Bxd5 Qf6 11.b4 Ba7 12.a4 Ne7 13.Bc4 Be6 14.Bxe6 Qxe6 15.Bd2 
f5 16.Qe2 Ng6 17.a5 Rf6 18.Kh2 c6 19.c4 Raf8 20.Ra3 fxe4 21.dxe4 Nf4 22.
Bxf4 Rxf4 23.Rd1 Qg6 24.Re1 d5 25.Nxe5 Qxe4 26.cxd5 Qxb4 27.Rf3 Rxf3 28.
Nxf3 cxd5 29.Ra1 Qc4 30.Qe6+ Kh7 31.Qe7 Bc5 32.Qxb7 Bxf2 33.Rd1 Rf5 34.Qb2
Bc5 35.Kh1 Bb4 36.Rc1 Qe4 37.Rc7 Be7 38.Rc8 Bf6 39.Qb3 Bd4 40.Qd1 Be3 41.
Nh2 Rf2 42.Nf3 Rb2 43.Ne1 Rb1 44.Qe2 Bd2 45.Qxe4+ dxe4 46.g3 Rxe1+ 47.Kg2 
Bxa5 48.Rc6 e3 49.Rxa6 Bd2 50.Re6 Re2+ 51.Kf1 Rf2+ 52.Kg1 Kg8 53.Re8+ Kf7 
54.Re4 Rf6 55.Kg2 Re6 56.Rf4+ Kg8 57.Ra4 e2 0-1

[Event "Canada vs. Argentina"]
[Site "CCCA"]
[Date "2020.02.01"]
[Round "1"]
[White "Francovig, Héctor"]
[Black "Giroux, Marc"]
[Result "1/2-1/2"]
[WhiteElo "2156"]
[BlackElo "2187"]
[EventDate "2020.02.01"]
[Board "9"]
[WhiteTeam "Argentina"]
[BlackTeam "Canada"]

1.d4 Nf6 2.c4 e6 3.g3 Bb4+ 4.Nd2 d5 5.Bg2 a5 6.Qc2 dxc4 7.Qxc4 O-O 8.a3 
Be7 9.Ngf3 b6 10.Qc2 Bb7 11.O-O c5 12.b3 cxd4 13.Bb2 Nc6 14.Ne5 Nxe5 15.
Bxb7 Rb8 16.Bg2 Rc8 17.Qb1 b5 18.Rd1 Qb6 19.Nf3 Nxf3+ 20.exf3 Rfd8 21.Qd3 
Bc5 22.Bf1 Rb8 23.Rac1 e5 24.Qc2 Rd5 25.Bd3 Rbd8 26.Kg2 b4 27.a4 Bd6 28.
Qc6 Bc5 29.Qb5 Qxb5 30.axb5 Nd7 31.Rc2 Kf8 32.Be4 Rd6 33.Bc1 Ba7 34.f4 Re6
35.fxe5 Rxe5 36.Bxh7 Rxb5 37.Bd3 Rc5 38.Bb2 Rd5 39.Bc4 Rd6 40.Rcd2 Ne5 41.
Bb5 g5 42.h3 Kg7 43.Re2 f6 44.Rc2 Bb6 45.Rcd2 Ba7 46.Rc2 Bb6 47.Rcd2 Kh6 
1/2-1/2

[Event "Canada vs. Argentina"]
[Site "CCCA"]
[Date "2020.02.01"]
[Round "1"]
[White "Giroux, Marc"]
[Black "Francovig, Héctor"]
[Result "1/2-1/2"]
[WhiteElo "2187"]
[BlackElo "2156"]
[EventDate "2020.02.01"]
[Board "9"]
[WhiteTeam "Canada"]
[BlackTeam "Argentina"]

1.e4 c6 2.c4 d5 3.cxd5 cxd5 4.exd5 Nf6 5.Bb5+ Nbd7 6.d4 Nxd5 7.Nc3 Nxc3 8.
bxc3 a6 9.Bd3 Qc7 10.Bd2 e6 11.a4 b6 12.Ne2 Bb7 13.O-O Bd6 14.Ng3 h5 15.h3
Nf6 16.Qe1 O-O 17.Bg5 Nh7 18.Bh4 Rae8 19.Qd2 Bf4 20.Qc2 Ng5 21.Rad1 g6 22.
Rfe1 Qd8 23.Kf1 Qd5 24.Ne4 Nxe4 25.Bxe4 Qd7 26.Bxb7 Qxb7 27.Qe4 Qxe4 28.
Rxe4 Bd6 29.Bg5 Rc8 1/2-1/2

[Event "Canada vs. Argentina"]
[Site "CCCA"]
[Date "2020.02.01"]
[Round "1"]
[White "Marcos Nozar, José Ricardo"]
[Black "McLeod, Sylvanus"]
[Result "1/2-1/2"]
[WhiteElo "2131"]
[BlackElo "2138"]
[EventDate "2020.02.01"]
[Board "10"]
[WhiteTeam "Argentina"]
[BlackTeam "Canada"]

1.e4 c5 2.Nf3 d6 3.d4 cxd4 4.Nxd4 Nf6 5.Nc3 a6 6.Be3 e5 7.Nb3 Be6 8.f3 h5 
9.Qd2 Nbd7 10.Nd5 Bxd5 11.exd5 g6 12.O-O-O Nb6 13.Qa5 Bh6 14.Bxh6 Rxh6 15.
Qd2 Rh8 16.f4 exf4 17.Qxf4 Kf8 18.Bd3 Kg7 19.Nd4 Ng4 20.h3 Qf6 21.Nf5+ 
gxf5 22.hxg4 fxg4 23.Qxf6+ Kxf6 24.Rdf1+ Ke7 25.Rf5 Nd7 26.Rfxh5 Rxh5 27.
Rxh5 b5 28.Kd2 Ne5 29.b3 Rc8 30.Be4 a5 31.c3 a4 32.Kc2 Rb8 33.g3 axb3+ 34.
axb3 b4 35.Kd2 Nd7 36.Rh1 bxc3+ 37.Kxc3 Rc8+ 1/2-1/2

[Event "Canada vs. Argentina"]
[Site "CCCA"]
[Date "2020.02.01"]
[Round "1"]
[White "McLeod, Sylvanus"]
[Black "Marcos Nozar, José Ricardo"]
[Result "1/2-1/2"]
[WhiteElo "2138"]
[BlackElo "2131"]
[EventDate "2020.02.01"]
[Board "10"]
[WhiteTeam "Canada"]
[BlackTeam "Argentina"]

1.d4 Nf6 2.Bf4 c5 3.e3 Nd5 4.Bg3 Qb6 5.c4 Qxb2 6.cxd5 Qxa1 7.Qc2 Na6 8.
Bxa6 bxa6 9.Nf3 d6 10.Nd2 Rb8 11.Nb3 Rxb3 12.Qxb3 c4 13.Qa4+ Bd7 14.Qc2 c3
15.O-O Qb2 16.Qxc3 Qxc3 17.Nxc3 Kd8 18.e4 Bc8 19.Rb1 Kc7 20.f3 g6 21.Kf2 
Bg7 22.Ke3 Bb7 23.Bh4 Re8 24.g4 Bf8 25.f4 Bc8 26.Kf3 f5 27.gxf5 gxf5 28.e5
Bb7 29.Ke3 Rc8 30.Kd3 a5 31.Be1 a4 32.Ke3 Kb8 33.Rb4 Bh6 34.Rxa4 a6 35.h3 
Rg8 36.Bh4 Rc8 37.Ra3 Bf8 38.e6 Rc4 39.Rb3 a5 40.Ra3 Kc8 41.Bg5 Kb8 42.Kd3
Ba6 43.Rxa5 Ra4+ 44.Rxa6 Rxa6 45.Kc4 h6 46.Bh4 Rb6 47.Nd1 Ra6 48.Kb3 Rb6+ 
49.Kc4 1/2-1/2